Be Sad - Sudden Death - Statistics

General Stats
  • This quiz has been taken 77,170 times
  • The average score is 7 of 16
Answers on the Grid
Answers color-coded by a green-red scale on the quiz's grid according to % correct below.
Ameliorated
Befuddled
Blithe
Blue
Cloying
Copacetic
Corrugated
Crestfallen
Depressed
Despondent
Doleful
Fallow
Forlorn
Fulsome
Glum
Inane
Incorrigible
Irascible
Kited
Lachrymose
Lissome
Lugubrious
Melancholic
Miserable
Plaintive
Rancorous
Saccharine
Sagacious
Sanguine
Somber
Sorrowful
Sullen
Twitterpated
Vicarious
Winsome
Woebegone
 
Answer Stats
Answer % Correct
Blue
77%
Depressed
73%
Miserable
58%
Sorrowful
58%
Glum
54%
Melancholic
51%
Somber
51%
Crestfallen
47%
Sullen
45%
Forlorn
41%
Despondent
38%
Doleful
34%
Woebegone
23%
Lachrymose
20%
Plaintive
14%
Lugubrious
8%
No matching quizzes found
Score Distribution
Percent of People with Each Score
Percentile by Number Answered
Your Score History
You have not taken this quiz